000 00953nam a2200265 i 4500
005 20260412163526.0
008 260412s2025 my o gr 000 0 may d
020 _a9789672107200
_qpaperback
_cRM29.00
040 _aPPAK
_beng
_cPPAK
_erda
082 0 4 _a158.1
_223
090 0 0 _a158.1
_bMOH
_dG
100 0 _aMohammad Qayyum A. Badaruddin,
_cMejar (B),
_eauthor.
245 1 0 _aPERCAYA UNTUK BERJAYA /
_cMejar (B) Mohammad Qayyum A. Badaruddin
264 1 _aKajang, Selangor :
_bCASAMAS RESOURCES SDN BHD,
_c[2025?]
300 _a204 pages :
_bphotographs ;
_c18 cm
336 _atext
_2rdacontent
336 _astill image
_2rdacontent
337 _aunmediated
_2rdamedia
338 _avolume
_2rdacarrier
500 _aContains verses from the Qur'an and quotes from the Hadith.
504 _aBibliography: pages 203-204.
650 1 0 _aSelf-actualization (Psychology)
650 2 0 _aAchievement motivation
942 _2ddc
_cB
999 _c203804
_d203804